000 00572nam a2200205 i 4500
001 C2-0296364
003 PPAK
005 20180728074723.0
008 090419s1992 xx |||| ||||| | may d
040 _aPPAK
_beng
_cPPAK
_erda
082 0 4 _a320.9595
_223
090 0 0 _a320.9595
_bHAR
_dKIH
245 0 0 _aWawasan asas kemajuan :
_bHari kebangsaan ke-35 31 ogos 1992
264 1 _bJabatan Penerangan Malaysia ,
_c1992
300 _a68 pages ;
_c13 cm
336 _2rdacontent
_atext
337 _2rdamedia
_aunmediated
338 _2rdacarrier
_avolume
942 _ddc
_cB
999 _c100817
_d100817